Państwa z najwyższym procentem czerwieni - Statystyki

Ogólne statystyki
  • Ten quiz został rozwiązany 57 razy
  • Średni wynik to 5 z 10
Statystyki odpowiedzi
Miejsce Procent czerwieni Państwo % Poprawnych
2 97,6 % Chiny
98%
1 98,3 % Maroko
76%
4 93,2 % Wietnam
67%
3 93,8 % Turcja
57%
6 90,4 % Tunezja
47%
9 80,1 % Szwajcaria
33%
5 92,0 % Kirgistan
31%
7 87,4 % Albania
29%
10 77,1 % Czarnogóra
24%
8 82,9 % Tonga
20%
Nie znaleziono quizów pasujących do podanych kryteriów
Rozkład punktacji
Procent ludzi z każdym wynikiem
Percentyl według liczby udzielonych odpowiedzi
Twoja historia wyników
Nie rozwiązałeś tego quizu